000
00215 a2200097 4500
001
9600
100
_a
Hall, S
245
_a
Diseases of the Nose Throat & Ear
260
_a
_b
English Laguage
_c
090
_c
7640
_d
7640
942
_a
NUST-CAE
_c
M
_c
34312
999
_c
244673
_d
244673